000 00418nam a2200157Ia 4500
008 230711s9999||||xx |||||||||||||| ||und||
041 _aENG
082 _a624
_bLO-R
100 _aLord
245 0 _aRoller drafting : the textile instiute textile progress
250 _a1st . Ed.
260 _c1993
_aNew Delhi
_bTextile Committee Govt of India
650 _aTextile Engineering
700 _aGrover, G.
942 _cBK
999 _c4024
_d4024